[Event "SG Solingen - SG 1871 Löberitz"]
[Site "?"]
[Date "2023.12.09"]
[Round "3.1"]
[White "Reizniece-Ozola, Dana"]
[Black "Gaponenko, Inna"]
[Result "1-0"]
[WhiteElo "2252"]
[BlackElo "2336"]
[PlyCount "129"]
[EventDate "2023.??.??"]

1. c4 e6 2. Nf3 d5 3. b3 Nf6 4. g3 d4 5. Bg2 c5 6. e3 Nc6 7. O-O Bd6 8. d3 O-O 9. e4 Ne8 10. Qe2 e5 11. Ne1 g6 12. f4 exf4 13. gxf4 Ng7 14. Qf2 Qc7 15. Qh4 f5 16. e5 Be7 17. Qh6 Nd8 18. Nf3 Nf7 19. Qh3 Be6 20. b4 cxb4 21. Nxd4 Bc5 22. Be3 Rad8 23. Nb3 Be7 24. d4 Qxc4 25. Bxb7 Bd5 26. N1d2 Qb5 27. Bxd5 Qxd5 28. Rac1 Ne6 29. Nc4 Rc8 30. Qg2 Qxg2+ 31. Kxg2 Nc7 32. Bd2 g5 33. fxg5 Nd5 34. h4 Nd8 35. Ne3 Nxe3+ 36. Bxe3 Nc6 37. Rc4 a6 38. Rfc1 f4 39. Bf2 f3+ 40. Kg3 Na7 41. Rxc8 Nxc8 42. d5 h6 43. d6 Bxd6 44. exd6 Nxd6 45. Nd2 hxg5 46. hxg5 Re8 47. Kxf3 Rf8+ 48. Kg2 Rf5 49. Be3 Ra5 50. Rc2 Nf5 51. Bf2 Ng7 52. Ne4 Ne6 53. Be3 Re5 54. Kf3 Rf5+ 55. Kg4 Re5 56. Rc4 a5 57. Bf4 Rb5 58. Nd6 Rb6 59. Be5 a4 60. g6 Rb8 61. Nf5 Re8 62. Rxb4 a3 63. Rb7 Ra8 64. Rh7 Ra4+ 65. Kg3 1-0

[Event "SG Solingen - SG 1871 Löberitz"]
[Site "?"]
[Date "2023.12.09"]
[Round "3.2"]
[White "van Foreest, Machteld"]
[Black "Rogule, Laura"]
[Result "1-0"]
[WhiteElo "2344"]
[BlackElo "2253"]
[PlyCount "61"]
[EventDate "2023.??.??"]

1. e4 c5 2. Nf3 Nc6 3. d4 cxd4 4. Nxd4 Nf6 5. Nc3 d6 6. Bc4 Qb6 7. Nb3 e6 8. Bf4 Ne5 9. Be2 Bd7 10. Qd2 Be7 11. O-O-O O-O 12. g4 Rfd8 13. g5 Ne8 14. h4 a5 15. h5 a4 16. Nd4 Rdc8 17. g6 Nf6 18. gxh7+ Kxh7 19. Rdg1 a3 20. b3 Qa5 21. Rg3 Rc5 22. Rhg1 Bf8 23. Qe1 Qb4 24. Nf3 Nxf3 25. Rxf3 Rac8 26. Bd2 Qa5 27. e5 dxe5 28. Bd3+ Kh8 29. Rxf6 gxf6 30. Qe4 f5 31. Qg2 1-0

[Event "SG Solingen - SG 1871 Löberitz"]
[Site "?"]
[Date "2023.12.09"]
[Round "3.3"]
[White "Berzina, Ilze"]
[Black "Mütsch, Annmarie"]
[Result "1/2-1/2"]
[WhiteElo "2169"]
[BlackElo "2278"]
[PlyCount "29"]
[EventDate "2023.??.??"]

1. e4 d6 2. d4 Nf6 3. Nc3 e5 4. Nf3 Nbd7 5. Bc4 Be7 6. O-O O-O 7. Re1 a6 8. a4 b6 9. Nd5 Bb7 10. Nxe7+ Qxe7 11. d5 Nc5 12. Bd3 h6 13. b4 Nxd3 14. cxd3 c6 15. dxc6 1/2-1/2

[Event "SG Solingen - SG 1871 Löberitz"]
[Site "?"]
[Date "2023.12.09"]
[Round "3.4"]
[White "Agrest, Inna"]
[Black "Ter-Avetisjana, Agnesa Stepania"]
[Result "1-0"]
[WhiteElo "2281"]
[BlackElo "1974"]
[PlyCount "79"]
[EventDate "2023.??.??"]

1. e4 c6 2. d4 d5 3. f3 e6 4. Nc3 Bb4 5. Bd2 Nf6 6. Bd3 dxe4 7. fxe4 Qxd4 8. Nf3 Qc5 9. Qe2 e5 10. a3 Bxc3 11. Bxc3 Bg4 12. O-O-O a5 13. Qe1 Nbd7 14. Kb1 O-O 15. Qg3 Rfe8 16. h3 Be6 17. Rhf1 b5 18. Nxe5 Nxe5 19. Rxf6 Ng6 20. Qf2 Qe7 21. Rf3 b4 22. Bd4 bxa3 23. Bc5 a2+ 24. Ka1 Qb7 25. Qd4 Red8 26. Qc3 a4 27. Rdf1 Qc7 28. Bd4 Qa5 29. Bxg7 Qxc3 30. Bxc3 c5 31. Rg3 Rdb8 32. h4 c4 33. Be2 a3 34. h5 axb2+ 35. Bxb2 Rxb2 36. Kxb2 Rb8+ 37. Ka1 c3 38. hxg6 hxg6 39. Rxc3 Rb4 40. Bd3 1-0

[Event "SG Solingen - SG 1871 Löberitz"]
[Site "?"]
[Date "2023.12.09"]
[Round "3.5"]
[White "Otikova, Elina"]
[Black "Kononenko, Tatiana"]
[Result "1/2-1/2"]
[WhiteElo "2050"]
[BlackElo "2326"]
[PlyCount "38"]
[EventDate "2023.??.??"]

1. e4 e6 2. d4 d5 3. Nd2 c5 4. exd5 exd5 5. dxc5 Bxc5 6. Nb3 Be7 7. Bd3 Nf6 8. Ne2 Nc6 9. Ng3 Qc7 10. O-O O-O 11. Nf5 Bxf5 12. Bxf5 g6 13. Bd3 Rad8 14. Re1 Ne4 15. Bxe4 dxe4 16. Qe2 f5 17. Qc4+ Rf7 18. h3 Qd6 19. Be3 Qf6 1/2-1/2

[Event "SG Solingen - SG 1871 Löberitz"]
[Site "?"]
[Date "2023.12.09"]
[Round "3.6"]
[White "Zozulia, Anna"]
[Black "Schuster, Rebekka"]
[Result "1-0"]
[WhiteElo "2214"]
[BlackElo "1802"]
[PlyCount "71"]
[EventDate "2023.??.??"]

1. e4 e6 2. d4 d5 3. Nd2 Nf6 4. e5 Nfd7 5. Bd3 c5 6. c3 Nc6 7. Ne2 Be7 8. O-O O-O 9. Nf3 f6 10. exf6 Nxf6 11. Re1 Qc7 12. Bf4 Bd6 13. Bxd6 Qxd6 14. dxc5 Qxc5 15. Ned4 Qd6 16. Qe2 Bd7 17. h3 Rae8 18. Ne5 a6 19. Rad1 Bc8 20. Ndxc6 bxc6 21. Bxa6 Qc7 22. Bxc8 Qxc8 23. Qd3 Qa8 24. a3 c5 25. c4 Qb8 26. cxd5 exd5 27. Ng4 Rd8 28. Nxf6+ Rxf6 29. Qc3 Qb6 30. Re5 Rfd6 31. Rde1 R6d7 32. Re7 d4 33. Qc4+ Rd5 34. Re8+ Rxe8 35. Rxe8+ Kf7 36. Re5 1-0

[Event "FB1 2324 SK Schwäbisch Hall - SK Doppel"]
[Site "?"]
[Date "2023.12.09"]
[Round "3.1"]
[White "Rath, Alina"]
[Black "Arabidze, Meri"]
[Result "0-1"]
[WhiteElo "2035"]
[BlackElo "2462"]
[PlyCount "132"]
[EventDate "2023.??.??"]

1. c4 e6 2. g3 d5 3. Bg2 Nf6 4. Nf3 Be7 5. O-O O-O 6. b3 c5 7. e3 Nc6 8. Bb2 b6 9. d3 Bb7 10. Qe2 Qc7 11. Nbd2 Rfd8 12. Rfd1 Rac8 13. h3 Qb8 14. Nf1 a6 15. Rac1 Qa8 16. cxd5 Nxd5 17. d4 cxd4 18. exd4 a5 19. a3 h6 20. N1d2 Na7 21. Nc4 Nb5 22. Ne1 Qa6 23. Qd2 a4 24. bxa4 Nd6 25. Nxd6 Bxd6 26. a5 Qxa5 27. Qxa5 bxa5 28. Nd3 Bc6 29. Ne5 Bb5 30. Bf1 Bxf1 31. Kxf1 Bxe5 32. dxe5 Rb8 33. Bd4 g5 34. Rb1 Kg7 35. Rdc1 Rdc8 36. Kg2 a4 37. Rxb8 Rxc1 38. Rb5 Rc4 39. Bc5 h5 40. Ra5 h4 41. Bd6 Rd4 42. Ra8 hxg3 43. fxg3 Nb6 44. Ra6 Nc4 45. Bb4 Rd3 46. Rxa4 Nxe5 47. Ra5 Nf3 48. Be7 f5 49. a4 e5 50. Ra7 Kg6 51. a5 e4 52. Bb4 Rb3 53. Bc5 Rb2+ 54. Kf1 f4 55. gxf4 gxf4 56. Re7 Ra2 57. Bb6 Kf6 58. Bd8 Nd2+ 59. Ke1 Nf3+ 60. Kf1 Ra1+ 61. Kf2 Ne5 62. Re8+ Kf5 63. Bb6 Ra2+ 64. Ke1 e3 65. Bc7 Nd3+ 66. Kf1 f3 0-1

[Event "FB1 2324 SK Schwäbisch Hall - SK Doppel"]
[Site "?"]
[Date "2023.12.09"]
[Round "3.2"]
[White "Atalik, Ekaterina"]
[Black "Braeutigam, Katerina"]
[Result "1-0"]
[WhiteElo "2405"]
[BlackElo "1845"]
[PlyCount "79"]
[EventDate "2023.??.??"]

1. c4 e5 2. Nf3 Nc6 3. d3 g6 4. g3 Bg7 5. Bg2 d6 6. Nc3 Nge7 7. Rb1 a5 8. b3 O-O 9. Bb2 f5 10. O-O h6 11. e3 g5 12. Ne2 Ng6 13. Ne1 f4 14. Be4 Qf6 15. exf4 gxf4 16. f3 h5 17. Ng2 Bh3 18. Nexf4 Nxf4 19. Nxf4 Bxf1 20. Qxf1 Qg5 21. Nd5 Qd8 22. Qh3 Rf7 23. Qxh5 Rb8 24. Bg6 Rd7 25. Bf5 Rf7 26. Be6 Qe8 27. Nxc7 Qe7 28. Qxf7+ Qxf7 29. Bxf7+ Kxf7 30. Bc3 Rc8 31. Nd5 Ke6 32. a3 Rf8 33. Kg2 Rf7 34. h4 Bh6 35. Re1 Kd7 36. b4 axb4 37. axb4 Nd8 38. d4 exd4 39. Bxd4 Nc6 40. Bc3 1-0

[Event "FB1 2324 SK Schwäbisch Hall - SK Doppel"]
[Site "?"]
[Date "2023.12.09"]
[Round "3.3"]
[White "Staerk, Elisa"]
[Black "Matnadze Bujiashvili, Ann"]
[Result "0-1"]
[WhiteElo "1980"]
[BlackElo "2370"]
[PlyCount "108"]
[EventDate "2023.??.??"]

1. d4 Nf6 2. Nf3 e6 3. g3 b6 4. Bg2 Bb7 5. c4 g6 6. O-O Bg7 7. Nc3 d5 8. Ne5 O-O 9. Qc2 Nbd7 10. Bf4 c6 11. cxd5 cxd5 12. Rac1 Rc8 13. Qa4 a6 14. a3 b5 15. Qd1 h6 16. Nd3 Qb6 17. Be5 Rfd8 18. e3 Ne4 19. Bxg7 Kxg7 20. Ne2 a5 21. b4 axb4 22. axb4 Rc4 23. Rxc4 dxc4 24. Ndc1 Ng5 25. Nc3 f5 26. h4 Bxg2 27. Kxg2 Qb7+ 28. f3 Nf7 29. Qe2 Nf6 30. Rd1 g5 31. Kh2 Kh7 32. e4 gxh4 33. gxh4 Nh5 34. e5 Qe7 35. Qe1 Qxb4 36. N1e2 Qe7 37. Nxb5 Qb7 38. Nbc3 Qxf3 39. Qf1 Qe3 40. Qg1 Qxg1+ 41. Nxg1 Rb8 42. Rb1 Rxb1 43. Nxb1 Nf4 44. Kg3 Nd5 45. Ne2 Nd8 46. Nbc3 Nxc3 47. Nxc3 Nc6 48. d5 exd5 49. Nxd5 Nxe5 50. Kf4 Ng6+ 51. Kxf5 Ne7+ 52. Nxe7 c3 53. Nd5 c2 54. Nf6+ Kh8 0-1

[Event "FB1 2324 SK Schwäbisch Hall - SK Doppel"]
[Site "?"]
[Date "2023.12.09"]
[Round "3.4"]
[White "Guichard, Pauline"]
[Black "Gressmann, Hanna"]
[Result "1-0"]
[WhiteElo "2386"]
[BlackElo "1957"]
[PlyCount "39"]
[EventDate "2023.??.??"]

1. d4 d5 2. c4 c6 3. Nc3 Nf6 4. e3 e6 5. Nf3 Nbd7 6. Be2 dxc4 7. a4 Bb4 8. Bxc4 O-O 9. O-O Qc7 10. Qb3 a5 11. Re1 h6 12. e4 e5 13. h3 exd4 14. e5 Nc5 15. Qc2 Nfd7 16. Bxh6 d3 17. Qd2 Nb6 18. Bxg7 Kxg7 19. Qg5+ Kh8 20. Ne4 1-0

[Event "FB1 2324 SK Schwäbisch Hall - SK Doppel"]
[Site "?"]
[Date "2023.12.09"]
[Round "3.5"]
[White "Franzenburg, Maria"]
[Black "Melia, Salome"]
[Result "0-1"]
[WhiteElo "1853"]
[BlackElo "2353"]
[PlyCount "64"]
[EventDate "2023.??.??"]

1. f4 c5 2. Nf3 g6 3. g3 Bg7 4. Bg2 Nc6 5. O-O d5 6. d3 Nf6 7. Qe1 O-O 8. e4 dxe4 9. dxe4 e5 10. c3 Re8 11. Nh4 exf4 12. gxf4 Nxe4 13. Bxe4 Bf5 14. Nxf5 gxf5 15. Qg3 Rxe4 16. Nd2 Re6 17. Kh1 b5 18. Nf3 Qd5 19. Bd2 Rd8 20. Rae1 Rg6 21. Qf2 Qxa2 22. Be3 Qc4 23. Bxc5 a5 24. Bb6 Rc8 25. Bd4 Nxd4 26. Nxd4 Bxd4 27. cxd4 Qd5+ 28. Qf3 Qxd4 29. Re2 a4 30. Qb7 Qc4 31. Rfe1 Kg7 32. Qd7 Qxe2 0-1

[Event "FB1 2324 SK Schwäbisch Hall - SK Doppel"]
[Site "?"]
[Date "2023.12.09"]
[Round "3.6"]
[White "Daulyte-Cornette, Deimante"]
[Black "Hielscher, Ursula"]
[Result "1-0"]
[WhiteElo "2375"]
[BlackElo "1685"]
[PlyCount "55"]
[EventDate "2023.??.??"]

1. e4 e6 2. d4 d5 3. e5 Qd7 4. Nf3 b6 5. c3 Ba6 6. Bxa6 Nxa6 7. Qe2 Qc8 8. O-O c6 9. b3 Nc7 10. c4 Ne7 11. Ba3 Ng6 12. Bxf8 Nxf8 13. Nc3 Qd7 14. b4 dxc4 15. Ne4 O-O-O 16. Nd6+ Kb8 17. Ng5 Ng6 18. Ngxf7 b5 19. a4 Nf4 20. Qa2 Nfd5 21. Nxh8 Rxh8 22. axb5 Nxb5 23. Qxc4 Nxd6 24. exd6 Qxd6 25. Rfc1 Rc8 26. b5 Ne7 27. Qa4 Qd7 28. b6 1-0

[Event "FB1 2324 Schachfreunde Deizisau - TuRa H"]
[Site "?"]
[Date "2023.12.09"]
[Round "3.1"]
[White "Antolak, Julia"]
[Black "Klek, Hanna Marie"]
[Result "1-0"]
[WhiteElo "2287"]
[BlackElo "2236"]
[PlyCount "159"]
[EventDate "2023.??.??"]

1. e4 e5 2. Nf3 Nc6 3. Bb5 a6 4. Ba4 Nf6 5. O-O Be7 6. Re1 b5 7. Bb3 d6 8. c3 O-O 9. d4 Bg4 10. Be3 Bh5 11. Nbd2 Na5 12. Bc2 c5 13. h3 exd4 14. cxd4 cxd4 15. Bxd4 Nc6 16. Be3 d5 17. g4 Bg6 18. e5 Ne4 19. Nb3 Rc8 20. Rc1 Re8 21. Bb1 h5 22. Nbd4 Na5 23. e6 hxg4 24. Ne5 Rxc1 25. Bxc1 Bh4 26. Bxe4 dxe4 27. Nxg6 fxg6 28. Rxe4 Qf6 29. Rf4 Qe5 30. Qxg4 Qe1+ 31. Kg2 Qxc1 32. Qxh4 Nc6 33. Nf3 Qd1 34. Ng5 Qh5 35. Qxh5 gxh5 36. Kg3 Nd8 37. Re4 Kf8 38. f4 g6 39. a4 bxa4 40. Rxa4 Nxe6 41. Rxa6 Nd4 42. Rxg6 Re2 43. Kh4 Rf2 44. Kxh5 Rxf4 45. Ne6+ Nxe6 46. Rxe6 Rb4 47. Re2 Kf7 48. Kg5 Rb5+ 49. Kf4 Rb4+ 50. Ke5 Ke7 51. Rh2 Rh4 52. Kf5 Kf7 53. Kg5 Rb4 54. h4 Rb5+ 55. Kf4 Rh5 56. Kg4 Kg6 57. Rc2 Rb5 58. h5+ Kh6 59. Rh2 Rb4+ 60. Kf3 Rb3+ 61. Ke4 Rb4+ 62. Kd3 Rb8 63. Kc2 Rc8+ 64. Kb1 Rb8 65. Rh3 Rb7 66. Kc2 Rc7+ 67. Rc3 Rg7 68. Rc5 Rg4 69. Kc3 Kg7 70. Rc6 Kf7 71. h6 Rh4 72. b4 Ke7 73. Ra6 Rh3+ 74. Kc4 Rh4+ 75. Kb3 Rh3+ 76. Ka4 Rh1 77. h7 Kd7 78. Kb3 Rh3+ 79. Kc2 Kc7 80. Ra8 1-0

[Event "FB1 2324 Schachfreunde Deizisau - TuRa H"]
[Site "?"]
[Date "2023.12.09"]
[Round "3.2"]
[White "Mkrtchian, Lilit"]
[Black "Unuk, Laura"]
[Result "1/2-1/2"]
[WhiteElo "2378"]
[BlackElo "2345"]
[PlyCount "53"]
[EventDate "2023.??.??"]

1. Nf3 d5 2. e3 Nf6 3. c4 e6 4. b3 Be7 5. Bb2 O-O 6. d4 a5 7. Nc3 b6 8. Bd3 Bb7 9. O-O Nbd7 10. Rc1 Ne4 11. cxd5 exd5 12. Qc2 Ndf6 13. Ne5 Nxc3 14. Bxc3 Bd6 15. Bb2 c5 16. a4 h6 17. f3 Qe7 18. Qf2 Rac8 19. g4 cxd4 20. exd4 Rxc1 21. Rxc1 Nd7 22. Re1 Nxe5 23. dxe5 Bb4 24. Re2 Bc5 25. Bd4 Bxd4 26. Qxd4 Qc5 27. Qxc5 1/2-1/2

[Event "FB1 2324 Schachfreunde Deizisau - TuRa H"]
[Site "?"]
[Date "2023.12.09"]
[Round "3.3"]
[White "Urh, Zala"]
[Black "Schleining, Zoya"]
[Result "1-0"]
[WhiteElo "2265"]
[BlackElo "2338"]
[PlyCount "119"]
[EventDate "2023.??.??"]

1. d4 e6 2. Nf3 c5 3. c4 cxd4 4. Nxd4 Nf6 5. Nc3 Nc6 6. a3 Bc5 7. e3 O-O 8. Be2 d5 9. cxd5 exd5 10. O-O Re8 11. b4 Bxd4 12. exd4 Ne4 13. Nxe4 Rxe4 14. Be3 Qh4 15. Bd3 Bg4 16. Qd2 Ree8 17. b5 Ne7 18. Bg5 Qh5 19. f3 f6 20. Bxf6 gxf6 21. fxg4 Qxg4 22. Rf4 Qg7 23. Raf1 Rf8 24. R1f3 Rac8 25. Rg3 Ng6 26. Bf5 Rc4 27. Rfg4 Kf7 28. h4 Qh8 29. Bd3 f5 30. Bxf5 Ke7 31. Qe3+ Kd8 32. Qe6 Kc7 33. Qxd5 Rc1+ 34. Kh2 Kb8 35. Re3 Rd8 36. Qe4 Qf6 37. Bxg6 hxg6 38. Qe5+ Rd6 39. Rf3 Qxe5+ 40. dxe5 Re6 41. Re4 Kc7 42. Rf6 Kd7 43. Rf7+ Re7 44. Rxe7+ Kxe7 45. e6 Rc5 46. a4 g5 47. Kh3 gxh4 48. Kxh4 a6 49. bxa6 bxa6 50. g4 a5 51. g5 Rc1 52. Kh5 Rh1+ 53. Kg6 Rb1 54. Re5 Ra1 55. Rxa5 Kxe6 56. Kg7 Ke7 57. g6 Ra2 58. Kg8 Ra1 59. g7 Ra2 60. Kh7 1-0

[Event "FB1 2324 Schachfreunde Deizisau - TuRa H"]
[Site "?"]
[Date "2023.12.09"]
[Round "3.4"]
[White "Koepke, Elena"]
[Black "Lach, Aleksandra"]
[Result "1-0"]
[WhiteElo "2224"]
[BlackElo "2285"]
[PlyCount "131"]
[EventDate "2023.??.??"]

1. e4 c5 2. c3 g6 3. d4 cxd4 4. cxd4 d5 5. e5 Nc6 6. Nc3 Nh6 7. h3 Nf5 8. Nf3 e6 9. Bb5 Bd7 10. O-O Bg7 11. Bg5 Nfe7 12. Ba4 h6 13. Bd2 O-O 14. Ne2 Nf5 15. Bc2 Qb6 16. Bc3 Rac8 17. Nf4 Nfe7 18. Qd2 f5 19. exf6 Rxf6 20. Ne5 Nxe5 21. dxe5 Rf7 22. Rac1 Bb5 23. Bd4 Qa6 24. Rfe1 g5 25. Nh5 Rcf8 26. b3 Bd7 27. Bd3 Bb5 28. Bb1 Nf5 29. Bc5 Rc8 30. a4 Bd7 31. Bd3 b5 32. axb5 Bxb5 33. Bxf5 Rxf5 34. Ra1 Qc6 35. Nxg7 Kxg7 36. Rxa7+ Rc7 37. Rxc7+ Qxc7 38. Bd4 Be8 39. Ra1 Qb8 40. Qe3 Bg6 41. Bc5 Rf4 42. Ra7+ Bf7 43. g3 Rf5 44. Qc3 Qb5 45. g4 Rf4 46. Be3 d4 47. Bxd4 Qe2 48. Be3 Qd1+ 49. Kh2 Qf3 50. Qc5 Re4 51. b4 Kg6 52. b5 h5 53. gxh5+ Kxh5 54. Qf8 Rxe3 55. Qxf7+ Qxf7 56. Rxf7 Rxe5 57. b6 Rb5 58. Rb7 g4 59. Rb8 Kg6 60. hxg4 Rb3 61. Kg2 e5 62. b7 Kg7 63. f3 Kh7 64. Kf2 Kg7 65. Ke2 Kh7 66. Kd2 1-0

[Event "FB1 2324 Schachfreunde Deizisau - TuRa H"]
[Site "?"]
[Date "2023.12.09"]
[Round "3.5"]
[White "Brandt, Carina"]
[Black "Jelica, Mara"]
[Result "0-1"]
[WhiteElo "2060"]
[BlackElo "2053"]
[PlyCount "144"]
[EventDate "2023.??.??"]

1. e4 c5 2. Nf3 d6 3. d4 cxd4 4. Nxd4 Nf6 5. Nc3 a6 6. h3 e5 7. Nde2 h5 8. Bg5 Be6 9. Bxf6 Qxf6 10. Nd5 Bxd5 11. Qxd5 Nc6 12. Nc3 Rc8 13. Bd3 Qg5 14. O-O Be7 15. f4 exf4 16. Qb3 b5 17. Nd5 f3 18. Rf2 O-O 19. Qa3 Ne5 20. Qxa6 fxg2 21. Qa7 Bd8 22. Rxg2 Qh4 23. Qe3 Ng6 24. Rf1 Rc5 25. b4 Rxd5 26. exd5 Bf6 27. Qg3 Qd4+ 28. Kh1 Nh4 29. Rf4 Qa1+ 30. Rg1 Qe5 31. Be4 Rc8 32. Qf2 Rc4 33. Re1 Qg5 34. Rxf6 Qxf6 35. Bd3 Rc8 36. Qxf6 gxf6 37. Re7 Ra8 38. Bxb5 Rxa2 39. Bd3 Ra1+ 40. Kh2 Nf3+ 41. Kg3 Ne5 42. Be2 h4+ 43. Kg2 Kf8 44. Rc7 Ke8 45. b5 Kd8 46. Rc3 Rb1 47. Kf2 f5 48. Ke3 Rb4 49. Rb3 Re4+ 50. Kf2 Kc7 51. Ra3 Rf4+ 52. Ke1 Re4 53. Ra7+ Kb8 54. Ra6 Kc7 55. Kf2 Rf4+ 56. Kg2 Re4 57. Bh5 Rc4 58. Bxf7 Rxc2+ 59. Kf1 f4 60. Be8 f3 61. Bc6 Rb2 62. Ra3 Kb6 63. Rc3 Rh2 64. Ra3 Nc4 65. Rd3 Kc5 66. Bd7 Ne5 67. Rc3+ Kd4 68. Rc7 Nd3 69. Kg1 Rg2+ 70. Kf1 Rb2 71. Kg1 Rb1+ 72. Kh2 f2 0-1

[Event "FB1 2324 Schachfreunde Deizisau - TuRa H"]
[Site "?"]
[Date "2023.12.09"]
[Round "3.6"]
[White "Noppes, Marina"]
[Black "Koehler, Inken"]
[Result "1/2-1/2"]
[WhiteElo "1922"]
[BlackElo "2011"]
[PlyCount "59"]
[EventDate "2023.??.??"]

1. d4 d5 2. Nf3 Nf6 3. g3 g6 4. Bg2 Bg7 5. O-O O-O 6. Nbd2 Bf5 7. Nh4 Be6 8. c3 Qc8 9. Re1 Bh3 10. Bh1 c6 11. e4 dxe4 12. Nxe4 Nxe4 13. Rxe4 Re8 14. Qe2 Bf6 15. Bd2 Nd7 16. Re1 Nf8 17. c4 Ne6 18. Bc3 Ng5 19. Re3 Bg4 20. f3 Be6 21. d5 Bd7 22. Bxf6 exf6 23. Rxe8+ Bxe8 24. Bg2 cxd5 25. cxd5 Nh3+ 26. Bxh3 Qxh3 27. Ng2 Qf5 28. Ne3 Qe5 29. Qd2 Qd6 30. Qd4 1/2-1/2

[Event "FB1 2324 OSG Baden-Baden - SC 1957 Bad K"]
[Site "?"]
[Date "2023.12.09"]
[Round "3.1"]
[White "Schneider, Jana"]
[Black "Muzychuk, Anna"]
[Result "1/2-1/2"]
[WhiteElo "2255"]
[BlackElo "2530"]
[PlyCount "63"]
[EventDate "2023.??.??"]

1. e4 e5 2. Nf3 Nc6 3. Bb5 Nf6 4. O-O Nxe4 5. Re1 Nd6 6. Nxe5 Be7 7. Bf1 Nxe5 8. Rxe5 O-O 9. d4 Bf6 10. Re1 Re8 11. c3 Rxe1 12. Qxe1 Qe7 13. Qxe7 Bxe7 14. Bf4 b6 15. a4 a6 16. Nd2 Bb7 17. Bd3 h6 18. a5 Kf8 19. Bxd6 Bxd6 20. Nc4 b5 21. Nxd6 cxd6 22. c4 bxc4 23. Bxc4 d5 24. Bd3 Rb8 25. Kf1 Ke7 26. Ke2 Bc6 27. Bxa6 Rxb2+ 28. Ke3 Rb3+ 29. Kd2 Rb2+ 30. Ke3 Rb3+ 31. Kd2 Rb2+ 32. Ke3 1/2-1/2

[Event "FB1 2324 OSG Baden-Baden - SC 1957 Bad K"]
[Site "?"]
[Date "2023.12.09"]
[Round "3.2"]
[White "Paehtz, Elisabeth"]
[Black "Maltsevskaya, Aleksandra"]
[Result "1-0"]
[WhiteElo "2459"]
[BlackElo "2384"]
[PlyCount "185"]
[EventDate "2023.??.??"]

1. Nf3 c5 2. c4 Nc6 3. g3 Nf6 4. Bg2 g6 5. b3 d6 6. Bb2 e5 7. d3 Bg7 8. O-O O-O 9. Nc3 Bf5 10. h3 Qc8 11. Kh2 Nd4 12. Nd2 h5 13. Nde4 Qd7 14. Nxf6+ Bxf6 15. e3 Nc6 16. f4 exf4 17. gxf4 Qd8 18. Qd2 Bg7 19. Nd5 Qh4 20. Bxg7 Kxg7 21. Qc3+ f6 22. Rf3 Rae8 23. Rg3 Be6 24. Nc7 Re7 25. Nxe6+ Rxe6 26. f5 Rxe3 27. Rxe3 Qf4+ 28. Kh1 Qxe3 29. Re1 Qg3 30. fxg6 Ne5 31. Qd2 Re8 32. Re3 Nxc4 33. Rxg3 Nxd2 34. Bxb7 Re1+ 35. Kg2 Ra1 36. Re3 Kxg6 37. Re2 Nb1 38. Kf3 Nc3 39. Rg2+ Kf7 40. h4 d5 41. Rc2 d4 42. a4 f5 43. Ba6 Kf6 44. Bc4 Rh1 45. Kg3 Ke5 46. Rg2 a5 47. Bf7 Nd1 48. Bxh5 Ne3 49. Rf2 f4+ 50. Kf3 Rxh4 51. Bf7 Rh3+ 52. Ke2 Ng4 53. Rf1 Rh2+ 54. Kf3 Ne3 55. Rg1 Rh3+ 56. Kf2 Nf5 57. Bc4 Rh2+ 58. Kf3 Nh4+ 59. Kg4 f3 60. Re1+ Re2 61. Rf1 Nf5 62. Kxf3 Re3+ 63. Kg2 Nh4+ 64. Kf2 Kf4 65. Rh1 Rf3+ 66. Ke2 Nf5 67. Rh8 Ng3+ 68. Kd1 Ke3 69. Re8+ Kf2 70. Ra8 Nf5 71. Rxa5 Ne3+ 72. Kc1 Ke2 73. Rxc5 Rf1+ 74. Kb2 Kd2 75. Bb5 Rf2 76. a5 Nd1+ 77. Ka3 Nc3 78. Bc4 Rf1 79. Kb4 Na2+ 80. Kb5 Nc3+ 81. Kb6 Rb1 82. Kc6 Na2 83. a6 Nb4+ 84. Kb6 Nxd3 85. a7 Nxc5 86. a8=Q Nxb3 87. Qe4 Rb2 88. Qd3+ Kc1 89. Bxb3 Rd2 90. Qc4+ Kb1 91. Kb5 d3 92. Qc3 Rb2 93. Qe1# 1-0

[Event "FB1 2324 OSG Baden-Baden - SC 1957 Bad K"]
[Site "?"]
[Date "2023.12.09"]
[Round "3.3"]
[White "Savina, Anastasia"]
[Black "Wagner, Dinara"]
[Result "1/2-1/2"]
[WhiteElo "2336"]
[BlackElo "2452"]
[PlyCount "38"]
[EventDate "2023.??.??"]

1. d4 Nf6 2. c4 e6 3. Nc3 Bb4 4. e3 O-O 5. Bd3 c5 6. a3 Bxc3+ 7. bxc3 Nc6 8. Rb1 d6 9. Ne2 e5 10. e4 Re8 11. d5 Ne7 12. h4 h6 13. f3 Ng6 14. h5 Nf8 15. Be3 N6h7 16. Bc2 Ng5 17. Ba4 Re7 18. Ng3 Nfh7 19. O-O f6 1/2-1/2

[Event "FB1 2324 OSG Baden-Baden - SC 1957 Bad K"]
[Site "?"]
[Date "2023.12.09"]
[Round "3.4"]
[White "Zatonskih, Anna"]
[Black "Melamed, Tatjana"]
[Result "1/2-1/2"]
[WhiteElo "2350"]
[BlackElo "2341"]
[PlyCount "64"]
[EventDate "2023.??.??"]

1. d4 Nf6 2. c4 e6 3. Nc3 Bb4 4. Qc2 d5 5. a3 Bxc3+ 6. Qxc3 O-O 7. Nf3 dxc4 8. Qxc4 b6 9. Bg5 Bb7 10. e3 Nbd7 11. Be2 h6 12. Bh4 c5 13. O-O Rc8 14. Rfd1 Qe7 15. Qb3 Rfd8 16. Rac1 cxd4 17. Nxd4 Nc5 18. Qa2 Bd5 19. Qb1 Be4 20. Qa2 Bd5 21. Bc4 Nce4 22. Bxd5 Rxc1 23. Rxc1 Rxd5 24. f3 Ng5 25. Bf2 e5 26. Nc6 Qd7 27. Qb1 e4 28. f4 Ne6 29. Ne5 Qd8 30. Nc6 Qd7 31. Ne5 Qd8 32. Nc6 Qd7 1/2-1/2

[Event "FB1 2324 OSG Baden-Baden - SC 1957 Bad K"]
[Site "?"]
[Date "2023.12.09"]
[Round "3.5"]
[White "Manko, Mariia"]
[Black "Heinemann, Josefine"]
[Result "0-1"]
[WhiteElo "2128"]
[BlackElo "2360"]
[PlyCount "70"]
[EventDate "2023.??.??"]

1. d4 Nf6 2. c4 e6 3. g3 d5 4. Bg2 dxc4 5. Nf3 Bb4+ 6. Bd2 c5 7. dxc5 Bxc5 8. Qa4+ Nbd7 9. Qxc4 b5 10. Qxb5 Rb8 11. Qa4 Rxb2 12. O-O O-O 13. Bc3 Rxe2 14. Nd4 Bxd4 15. Bxd4 Nb6 16. Qd1 Ba6 17. Nc3 Rb2 18. Re1 Nbd7 19. Qa4 e5 20. Bxe5 Nxe5 21. Qxa6 Rxf2 22. Qxa7 Rxg2+ 23. Kxg2 Qd2+ 24. Qf2 Qxc3 25. Qe3 Qc6+ 26. Kh3 Neg4 27. Rac1 Qa8 28. Qc5 h5 29. Rc2 g6 30. Qc6 Qa5 31. Rf1 Qg5 32. Qc5 Nd5 33. Rf3 Nge3 34. Rc4 Nxc4 35. Qxc4 Ne3 0-1

[Event "FB1 2324 OSG Baden-Baden - SC 1957 Bad K"]
[Site "?"]
[Date "2023.12.09"]
[Round "3.6"]
[White "Tammert, Iamze"]
[Black "Grineva, Marianna"]
[Result "0-1"]
[WhiteElo "2254"]
[BlackElo "2033"]
[PlyCount "90"]
[EventDate "2023.??.??"]

1. c4 e5 2. Nc3 Nc6 3. g3 f5 4. Bg2 Nf6 5. d3 Be7 6. Nf3 O-O 7. Nd5 d6 8. O-O Kh8 9. a3 a5 10. Bd2 Be6 11. Nxe7 Qxe7 12. b4 e4 13. Ng5 Bg8 14. b5 Ne5 15. dxe4 h6 16. Nf3 Nxe4 17. Nxe5 Qxe5 18. Rc1 Qb2 19. Bxe4 fxe4 20. Bc3 Qxa3 21. Qd4 Rf7 22. Qxe4 Raf8 23. Bd4 Bh7 24. Qe6 Qa2 25. Ra1 Qd2 26. Rfd1 Qg5 27. Rxa5 Re7 28. Qd5 Qg4 29. f3 Qh3 30. Ra2 Bg8 31. Qxb7 Bxc4 32. Ra8 Rxa8 33. Qxa8+ Kh7 34. e3 Qf5 35. g4 Qxb5 36. Rd2 Bd5 37. Qd8 Rf7 38. f4 Qb1+ 39. Kf2 Qh1 40. Qh4 c5 41. Bb2 Qf3+ 42. Kg1 Qxe3+ 43. Qf2 Qe4 44. Rxd5 Qxd5 45. f5 Qd1+ 0-1

[Event "FB1 2324 Karlsruher SF 1853 - Rodewische"]
[Site "?"]
[Date "2023.12.09"]
[Round "3.1"]
[White "Tsolakidou, Stavroula"]
[Black "Georgescu, Lena"]
[Result "1/2-1/2"]
[WhiteElo "2427"]
[BlackElo "2264"]
[PlyCount "107"]
[EventDate "2023.??.??"]

1. c4 Nf6 2. g3 e6 3. Bg2 d5 4. Nf3 Be7 5. O-O O-O 6. d3 c6 7. Qc2 b6 8. e4 Bb7 9. e5 Nfd7 10. Qe2 c5 11. Nc3 dxc4 12. dxc4 Nc6 13. Rd1 a6 14. Bf4 Ra7 15. Ne4 Ba8 16. Rd2 Qc8 17. Rad1 Rd8 18. h4 Nf8 19. h5 Rxd2 20. Rxd2 Rd7 21. Qe3 Rxd2 22. Nexd2 Qd8 23. h6 Ng6 24. hxg7 Nxf4 25. Qxf4 Kxg7 26. Qg4+ Kh8 27. Ne4 Qd1+ 28. Kh2 Nxe5 29. Nxe5 Qxg4 30. Nxg4 f5 31. Nef6 fxg4 32. Nxg4 Bxg2 33. Kxg2 Kg7 34. Kf3 h5 35. Ne5 h4 36. gxh4 Bxh4 37. Nd7 Bd8 38. Ke4 Bc7 39. f4 Kf7 40. Ne5+ Ke7 41. Ng4 Kd7 42. f5 exf5+ 43. Kxf5 Kc6 44. Ke6 Bf4 45. Nf6 Bc1 46. b3 Bg5 47. Nd5 Bh4 48. Ne7+ Bxe7 49. Kxe7 Kc7 50. a3 b5 51. a4 Kb6 52. Kd6 b4 53. Kd5 Ka5 54. Kxc5 1/2-1/2